[Event "Tata Steel India 2018-Rapid"]
[Site "Kolkata"]
[Date "2018.11.11"]
[Round "8"]
[White "Harikrishna, Pentala"]
[Black "Aronian, Levon"]
[Result "1-0"]
[WhiteElo "2729"]
[BlackElo "2765"]
[Annotator "TA"]
[PlyCount "189"]
[EventDate "2018.11.09"]
[EventType "tourn"]
[EventCountry "IND"]
[SourceTitle "playchess.com"]
[Source "ChessBase"]
[SourceQuality "1"]

{[%evp 24,189,0,0,0,0,0,14,2,0,0,0,0,0,0,-5,0,-1,0,0,0,-11,-7,-8,0,0,0,-4,8,8,8,7,8,8,8,8,8,8,9,8,12,0,19,15,16,0,0,0,0,0,0,0,0,0,8,8,8,8,8,8,366,346,392,251,858,824,754,756,1499,1425,1287,1200,1705,1674,1319,1228,7212,8292,7381,5385,5513,6060,2162,2171,2315,2008,183,114,171,158,29963,29960,29958,29955,29951,29957,29957,29958,29970,29971,29970,29971,29975,29970,29970,29971,29975,29960,29951,29960,29938,0,8,0,5441,8,8,8,8,8,8,8,8,8,8,8,8,8,8,8,8,0,8,8,8,8,29974,29975,29974,29975,29975,29976,29976,29977,29978,29979,29979,29980,29981,29972,29982,29983,29984,29985,29985,29986,29986,29987,29989,29987,29987,29988,29988,29989,29989,29990,29990,29989]} 1. e4 e5 2. Nf3 Nc6 3. Bb5 Nf6 4. O-O Nxe4 5. Re1 Nd6 6. Nxe5 Be7 7. Bf1 Nxe5 8. Rxe5 O-O 9. d4 Ne8 {C67: Spanische Partie (Berliner Verteidigung)} (9... Bf6 10. Re1 Re8 11. c3 Rxe1 12. Qxe1 Ne8 13. d5 c6 14. Nd2 cxd5 15. Nf3 d6 16. Be3 Nc7 17. Qd2 Bd7 18. g3 {½-½ (32) Giri,A (2780)-Caruana,F (2827) Batumi 2018}) 10. c4 (10. c3 d5 11. Bd3 Bd6 12. Re1 Qh4 13. g3 Qg4 14. Qxg4 Bxg4 15. Kg2 c6 16. Nd2 Nc7 17. Nf3 {½-½ (57) Harikrishna,P (2698)-Aronian,L (2802) Wijk aan Zee 2013}) 10... Bf6 11. Re1 d5 12. cxd5 Qxd5 13. Be3 {LiveBook: 4 Partien} Be6 14. Nc3 Qd7 15. d5 $146 ({Vorgänger:} 15. h3 c6 16. Ne4 Bd5 17. Nc5 Qc7 18. Qg4 Rd8 19. Bf4 Nd6 20. Be5 Bxe5 21. dxe5 Nc8 22. Rac1 b6 23. Na6 Qd7 {½-½ (23) Talpak,T (2468)-Szczepanski,Z (2483) ICCF email 2016}) 15... Bf5 16. h3 Nd6 17. Bd4 Bxd4 18. Qxd4 a6 19. a4 Rfe8 20. a5 Rxe1 21. Rxe1 Re8 22. Re3 Rxe3 23. Qxe3 Qd8 24. b4 h6 25. Qe5 Qg5 26. b5 axb5 27. Nxb5 Bd7 28. Qxg5 hxg5 29. Nxc7 $11 {[%mdl 4096] Endspiel KLS-KLS} Kf8 30. f3 Ke7 31. Kf2 Kf6 32. Na8 Ba4 33. Nb6 Bb3 34. g4 Ke5 35. Ke3 f5 36. gxf5 Nxf5+ 37. Kf2 Kd4 38. Be2 Bc2 39. Bb5 Nd6 40. Bd7 Bf5 41. Be6 Bxe6 $2 {[%mdl 8192]} (41... Kc5 $11 {und Schwarz muss sich keine Sorgen machen.}) 42. dxe6 {KS-KS} Ke5 43. Nd7+ Kxe6 $2 (43... Kd5 44. Kg3 Nb5) 44. Nc5+ $18 Kd5 {[#]} 45. Nxb7 $1 {[%mdl 512]} Nc4 (45... Nxb7 46. a6) 46. a6 Kc6 47. Nd8+ Kb6 48. Ne6 g6 49. Nxg5 Kxa6 50. Nf7 Kb5 51. Nh8 Kc5 52. Nxg6 Kd5 53. h4 Ke6 54. Nf4+ Kf5 55. Ne2 ({Besser ist} 55. Nd5 $18 {Se3+ ist eine echte Drohung.} Nd2 56. Kg3) 55... Nd2 (55... Nb6 $16 {kämpft weiter.} 56. Kg3 Nd5) 56. Ng3+ Kg6 $2 (56... Kf4 $16) 57. Ke3 Nc4+ 58. Kf4 Kh6 59. Kf5 Ne3+ 60. Ke4 Ng2 61. f4 Kh7 {[#]} 62. h5 $1 Kg7 63. Ke5 Ne1 64. f5 Nf3+ 65. Ke4 Ng5+ 66. Kf4 Nf7 67. Ke4 $2 (67. Ne4 {setzt Matt} Kh6 68. Nf6 Nd6 69. Kg4 Kg7 70. Nd5 Kh6 71. f6 Kh7 72. Kg5) 67... Kf6 68. Kf4 $2 {[%mdl 8192]} (68. h6 $11) 68... Kg7 69. Kf3 $2 (69. Ne4 $18 Kh6 70. Nf6) 69... Ne5+ $11 70. Ke4 Kf6 71. Ne2 {Schwarz muss nun Sg3 beachten.} Nf7 72. Kf4 {Droht stark Sg3.} Ne5 $1 73. Nc1 {zielt auf Se2 ab.} Nc6 74. Nb3 Ne7 75. Nd4 Nd5+ 76. Kg4 Ne3+ 77. Kf4 Nd5+ 78. Ke4 Nc3+ 79. Kd3 Nd5 $2 {[%mdl 8192]} (79... Nb5 $11) 80. h6 {Weiß setzt Matt.} Kf7 81. Ke4 Nf6+ 82. Kf4 Kg8 83. Kg5 Kf7 84. Ne6 Nh7+ 85. Kg4 Nf6+ 86. Kf4 Kg8 87. Kg5 Nd7 88. f6 Ne5 89. Kf5 Nf7 90. Ng5 Nh8 91. Ke6 Ng6 92. f7+ Kh8 93. Kf6 Nf8 94. Ne6 Ng6 95. f8=Q+ {Precision: Weiß = 72%, Schwarz = 47%.} 1-0

[Event "Tata Steel India 2018-Rapid"]
[Site "Kolkata"]
[Date "2018.11.11"]
[Round "8"]
[White "Ganguly, Surya Shekhar"]
[Black "Vidit, Santosh Gujrathi"]
[Result "0-1"]
[WhiteElo "2615"]
[BlackElo "2702"]
[Annotator "TA"]
[PlyCount "128"]
[EventDate "2018.11.09"]
[EventType "tourn"]
[EventCountry "IND"]
[SourceTitle "playchess.com"]
[Source "ChessBase"]
[SourceQuality "1"]

{[%evp 14,128,-2,-9,0,13,0,0,17,10,11,0,2,0,3,0,16,20,35,13,28,17,31,19,22,20,22,26,11,14,162,41,42,33,99,87,107,48,106,59,56,55,55,54,50,29,24,29,52,49,49,13,13,13,33,-140,-140,-137,-144,-145,-133,-123,-122,-122,-122,-100,-100,-100,-91,-90,-79,-78,-78,-79,-79,-137,-128,-149,-197,-189,-175,-175,-146,-113,-128,-130,-117,-119,-105,-168,-136,-116,-116,-261,-252,-230,-224,-497,-493,-492,-487,-421,-323,-3752,-3102,-1591,-4133,-29951,-11973,-29977,-29978,-29976,-29972,-29979,-29980,-29983,-29983]} 1. Nf3 Nf6 2. c4 c5 3. Nc3 Nc6 4. d4 cxd4 5. Nxd4 e6 6. g3 Qb6 7. Nf3 {A33: Symmetrical English: 2 Nf3 Nf6 3 d4 cxd4 4 Nxd4 e6 5 Nc3 Nc6} (7. Nc2 Bc5 8. e3 d5 9. cxd5 Nxd5 10. Nxd5 exd5 11. Bg2 O-O 12. O-O Rd8 13. a3 Be7 14. b4 Bf6 15. Rb1 {0-1 (25) Wei,Y (2729)-So,W (2780) chess.com INT 2018}) 7... Bc5 8. e3 {LiveBook: 7 Games} d5 9. a3 {Threatens to win with Na4.The position is equal.} Be7 $146 ({Predecessor:} 9... Qd8 10. b4 Bb6 11. Bb2 O-O 12. Rc1 Qe7 13. cxd5 {½-½ (35) Hracek,Z (2633)-Heinemann,T (2488) Germany 2010}) 10. b4 dxc4 11. Bxc4 Qc7 12. Nb5 Qb8 13. Bb2 O-O 14. O-O Rd8 15. Qc2 Bd7 16. Rfd1 a6 17. Nbd4 Qc7 18. Rac1 $36 {[%mdl 2048] White has good play.} Nxd4 19. Nxd4 Qb6 20. Bf1 Rac8 21. Qb1 a5 (21... Ba4 $11) 22. Rxc8 ({White must play} 22. Nb3 $1 $18 Bb5 23. Rxd8+ (23. Nxa5 Bxf1 24. Rxf1 Qb5 $14) (23. bxa5 Rxc1 24. Rxc1 Qa6 $16) 23... Rxd8 24. bxa5) 22... Bxc8 $14 23. b5 h6 (23... e5 $14 24. Nf5 Bf8 25. Rxd8 Qxd8) 24. a4 $16 Nd5 25. Bg2 (25. Nf3 $16) 25... Qc7 ({Black should play} 25... Nb4 $14) 26. Nf5 (26. Rc1 {feels hotter.} Qd6 27. Nf3 Qb4 28. Qa1 f6 29. Nd4) 26... exf5 27. Rxd5 Rxd5 28. Bxd5 Be6 29. Bf3 b6 30. Bd4 Bf6 31. Bxf6 gxf6 32. Qb2 Qe5 33. Qc1 Kg7 34. Kg2 $2 (34. Bd1 $14 {stays ahead.}) 34... Bb3 $1 $17 35. Qa3 Qe6 36. Qa1 Qc4 37. Bd1 Qd5+ $1 38. Bf3 Qd3 39. h4 Qc4 40. Bd1 Qd5+ $1 41. Bf3 Qe5 42. Qa3 Qe6 $1 43. Qa1 {Qd4 would now be nice for White.} Qd6 44. Qb1 (44. Be2 $142) 44... Bxa4 45. Qxf5 {Black must now prevent Qg4+.} Qe6 46. Qd3 Bb3 $1 {...a4 is the strong threat.} 47. Bc6 a4 {Strongly threatening ...a3.} 48. e4 a3 49. Bd5 Bxd5 50. exd5 {[%mdl 4096] Endgame KQ-KQ} Qd6 {aiming for ...a2.} 51. Qd2 (51. Qc4 $17) 51... Qd7 52. d6 Qxb5 53. d7 {[#]} (53. Qd4 $17 Qc6+ 54. Kh2) 53... a2 $1 $19 {[%cal Ra2a1]} 54. d8=Q {[#] Intending Q2d6 and mate.} a1=Q $1 {( -> ...Qbf1+)} 55. Q8d3 $2 (55. Q2d3 {is the only way for White.} Qc6+ 56. Q8d5 Qxd5+ 57. Qxd5) 55... Qc6+ 56. Qd5 Qaa8 57. Qxc6 Qxc6+ {KQ-KQ} 58. Kh2 $2 (58. f3 b5 59. Qb4) 58... b5 {[%cal Bb6b5,Bb5b4,Bb4b3][%mdl 32]} 59. g4 Qc4 60. Kg3 b4 61. f3 Qc3 {Black mates.} 62. Qd8 Qe5+ 63. Kf2 b3 64. Qb6 Qh2+ {Precision: White = 47%, Black = 55%.} 0-1

[Event "Tata Steel India 2018-Rapid"]
[Site "Kolkata"]
[Date "2018.11.11"]
[Round "8"]
[White "Nihal Sarin"]
[Black "Anand, Viswanathan"]
[Result "1/2-1/2"]
[WhiteElo "2576"]
[BlackElo "2773"]
[Annotator "TA"]
[PlyCount "103"]
[EventDate "2018.11.09"]
[EventType "tourn"]
[EventCountry "IND"]
[SourceTitle "playchess.com"]
[Source "ChessBase"]
[SourceQuality "1"]

{[%evp 33,103,20,24,18,31,20,17,14,39,44,45,37,58,21,33,31,22,9,15,15,15,0,8,8,12,7,16,9,15,6,6,2,2,2,6,8,8,0,14,11,16,19,52,56,93,78,99,22,75,0,0,0,0,0,8,0,0,0,0,0,0,0,0,0,0,0,0,0,0,0,0,0]} 1. d4 Nf6 2. c4 e6 3. Nf3 d5 4. g3 dxc4 5. Bg2 c5 6. O-O Nc6 7. dxc5 Qxd1 8. Rxd1 Bxc5 9. Nbd2 c3 10. bxc3 O-O 11. Nb3 Be7 12. c4 Bd7 13. Bb2 {E04: Open Catalan: 5 Nf3} Rfd8 14. Nfd4 Rac8 15. Nb5 b6 16. Nd6 (16. Rac1 a5 17. a4 Be8 18. Rxd8 Rxd8 {½-½ (31) Aronian,L (2801)-Giri,A (2762) Heraklio 2017}) 16... Bxd6 17. Rxd6 Be8 {LiveBook: 7 Games} 18. Rd3 Nb4 19. Rxd8 Rxd8 20. Bc3 Na6 21. a4 $146 Nd7 22. a5 {[#] Hoping for axb6.} Ndc5 23. Nxc5 Nxc5 24. axb6 axb6 25. e3 Rc8 26. Bf1 Bc6 27. Rb1 Nd7 28. f4 h6 29. Bd4 Be4 30. Rb4 Rb8 31. Bg2 Bxg2 32. Kxg2 $11 {[%mdl 4096] Endgame KRB-KRN} f6 33. e4 e5 34. Be3 Kf7 35. h4 Rc8 36. h5 exf4 37. gxf4 f5 38. exf5 Kf6 39. Kf3 Kxf5 {[#]} 40. Bxb6 (40. Bd4 $1 $16) 40... Nf6 (40... Nxb6 $11 41. Rb5+ (41. Rxb6 Rxc4 42. Rb5+ Ke6 $11) 41... Kf6 42. Rxb6+ Ke7) 41. Rb5+ (41. Bd4 $16) 41... Ke6 {The position is equal.} 42. Re5+ Kd6 43. c5+ Kc6 44. Re7 Nxh5 45. Kg4 Nf6+ 46. Kf5 Rf8 47. Rc7+ Kd5 {...Ne8+ is the strong threat.} 48. Kg6 Ne4 49. Kxg7 Rxf4 50. Kxh6 Rf6+ 51. Kg7 Rc6 52. Rxc6 {Precision: White = 47%, Black = 60%.} 1/2-1/2

[Event "Tata Steel India 2018-Rapid"]
[Site "Kolkata"]
[Date "2018.11.11"]
[Round "9"]
[White "Anand, Viswanathan"]
[Black "Ganguly, Surya Shekhar"]
[Result "0-1"]
[WhiteElo "2773"]
[BlackElo "2615"]
[Annotator "TA"]
[PlyCount "74"]
[EventDate "2018.11.09"]
[EventType "tourn"]
[EventCountry "IND"]
[SourceTitle "playchess.com"]
[Source "ChessBase"]
[SourceQuality "1"]

{[%evp 13,74,31,27,37,25,12,26,26,0,13,39,51,48,47,46,50,47,36,45,34,34,36,54,20,11,16,25,0,0,0,62,74,82,60,64,60,62,68,85,0,0,-97,-90,-112,-99,-96,-96,-94,-82,-93,-86,-297,-291,-261,-149,-122,-128,-999,-1008,-997,-1004,-965,-968]} 1. e4 c6 2. d4 d5 3. exd5 cxd5 4. Bd3 Nc6 5. c3 e6 6. Nf3 {B13: Caro-Kann: Exchange Variation and Panov-Botvinnik Attack} (6. Ne2 Bd6 7. Nd2 Nge7 8. f4 O-O 9. Nf3 f6 10. O-O Bd7 11. Qc2 h6 12. Bd2 Rc8 13. a3 Na5 {0-1 (27) Kovalev,V (2636)-Riazantsev,A (2666) Sochi 2017}) 6... Bd6 7. O-O Nge7 {LiveBook: 3 Games} 8. Re1 {White has an edge.} O-O 9. Na3 $146 {[%cal Bb1a3,Ba3b5,Bb5c3][%mdl 32]} ({Predecessor:} 9. h3 f6 10. c4 Nb4 11. Bf1 dxc4 12. Bxc4 {½-½ (58) Selin,S (2313)-Morley,P (2205) ICCF email 2009}) 9... f6 10. Nb5 Bb8 11. c4 Nb4 12. Bf1 dxc4 13. Bxc4 Nbd5 14. Nc3 Kh8 15. Qb3 a6 16. a4 {[%cal Ba2a4,Ba4a5][%mdl 32]} b6 {[%cal Bb7b6,Bb6b5][%mdl 32]} 17. Bd2 Ra7 18. a5 {Hoping for axb6.} b5 19. Bxd5 exd5 20. h3 g5 21. Na2 Nc6 (21... Rg8 $11) 22. Nb4 $14 Nxb4 23. Bxb4 Rg8 $1 24. Qa3 g4 25. hxg4 Bxg4 26. Nh2 (26. Nh4 $1 $16) 26... Rag7 $36 {[%mdl 2048] Black has the initiative.} 27. g3 (27. Nxg4 $11 Rxg4 28. Be7 Rxg2+ 29. Kf1 Rg1+ 30. Ke2 Rxe1+ 31. Rxe1) 27... Bh3 $17 {[%cal Rb8g3] And now ...Bxg3! would win.} 28. Re3 (28. Be7 $2 Bxg3 $1 {[%mdl 512]} 29. Bxd8 Bd6+ 30. Qg3 Bxg3 $19) 28... Bf4 29. Rf3 Qc7 {[%cal Rf4g3] White must now prevent ...Bxg3!} 30. Nf1 Bxf1 $1 31. Kxf1 {[#]} (31. Rxf1 Bxg3 $1 {[%mdl 512]} 32. fxg3 Rxg3+ 33. Kh1 Rg2 $19) 31... Bxg3 $1 {[%mdl 512]} 32. Qc3 $2 ({Don't go for} 32. fxg3 $2 Rxg3 33. Bc5 Rg2 $19) (32. Bf8 $17 Qc4+ 33. Qd3 Rxf8 34. fxg3) 32... Qd7 $1 $19 33. Ke2 {[%cal Rf3g3] [#]} Re8+ (33... Bxf2 $1 $19 {[%mdl 512]} 34. Rf1 (34. Kxf2 Rg2+) 34... Rc8) 34. Kd2 $17 {[#]} Bh4 $1 {Strongly threatening ...Rg2.} 35. Re1 $2 {[%mdl 8192]} (35. Kc2 $17) 35... Rxe1 $19 {Black is clearly winning.} 36. Kxe1 Rg1+ 37. Ke2 {[#]} Bg5 $1 {Precision: White = 48%, Black = 78%.} 0-1

[Event "Tata Steel India 2018-Rapid"]
[Site "Kolkata"]
[Date "2018.11.11"]
[Round "9"]
[White "Aronian, Levon"]
[Black "Mamedyarov, Shakhriyar"]
[Result "1/2-1/2"]
[WhiteElo "2765"]
[BlackElo "2817"]
[Annotator "TA"]
[PlyCount "74"]
[EventDate "2018.11.09"]
[EventType "tourn"]
[EventCountry "IND"]
[SourceTitle "playchess.com"]
[Source "ChessBase"]
[SourceQuality "1"]

{[%evp 17,74,20,12,23,0,0,16,6,68,60,53,53,64,44,46,45,41,44,51,34,44,13,20,12,43,47,57,42,54,47,44,42,52,35,40,32,30,28,29,35,31,27,32,24,51,22,49,0,0,0,11,11,11,11,11,11,11,11,11]} 1. d4 Nf6 2. c4 e6 3. Nf3 d5 4. Nc3 Bb4 5. Bg5 Nbd7 6. cxd5 exd5 7. Qc2 c5 8. g3 {D38: Queen's Gambit Declined: Ragozin Defence (4 Nf3 Bb4)} cxd4 9. Nxd4 Qb6 {LiveBook: 7 Games} 10. a3 $146 ({Predecessor:} 10. Rd1 Ne4 11. Be3 Qa5 12. Bg2 Nxc3 13. bxc3 Bxc3+ 14. Kf1 Bxd4 15. Bxd4 O-O {1-0 (44) Riazantsev,A (2682)-Feller,S (2611) Biel 2010}) 10... Bxc3+ 11. bxc3 Ne4 12. Bf4 Ndf6 ({Black should play} 12... O-O $11) 13. Rb1 $14 Qc5 14. f3 Nd6 $1 15. Qa4+ Bd7 16. Qb4 Qxb4 17. axb4 Ke7 18. e3 Rhc8 19. Bxd6+ Kxd6 20. Kd2 g6 21. Bd3 Ne8 22. Rhe1 Nc7 23. e4 dxe4 24. Bxe4 Rab8 25. Ra1 a6 $1 26. c4 {[%cal Bc3c4,Bc4c5][%mdl 32] [#] And now c5+ would win.} Ne6 27. c5+ (27. Kd3 {feels hotter.} Nxd4 28. Kxd4 Bc6 29. c5+ Kc7 30. Bxc6 Kxc6 31. Kc4) 27... Kc7 28. Nxe6+ Bxe6 29. Kc3 Rd8 30. f4 Re8 31. Bd3 Rbd8 32. b5 axb5 {The position is equal.} 33. Bxb5 Bd7 34. Bc4 Be6 35. Bxe6 Rxe6 36. Rxe6 fxe6 37. Re1 Rd5 $1 {Precision: White = 45%, Black = 67%.} 1/2-1/2

[Event "Tata Steel India 2018-Rapid"]
[Site "Kolkata"]
[Date "2018.11.11"]
[Round "9"]
[White "So, Wesley"]
[Black "Nihal Sarin"]
[Result "1-0"]
[WhiteElo "2765"]
[BlackElo "2576"]
[Annotator "TA"]
[PlyCount "71"]
[EventDate "2018.11.09"]
[EventType "tourn"]
[EventCountry "IND"]
[SourceTitle "playchess.com"]
[Source "ChessBase"]
[SourceQuality "1"]

{[%evp 13,71,-8,8,-15,-8,-7,14,0,61,47,60,40,42,43,72,62,131,121,241,235,222,228,242,235,235,243,241,236,232,238,238,235,305,308,370,318,399,396,337,362,388,395,433,424,516,520,542,521,516,519,565,554,551,532,525,506,659,671,714,721]} 1. c4 c5 2. Nf3 Nc6 3. d4 cxd4 4. Nxd4 Nf6 5. Nc3 e6 6. g3 Qb6 7. Nf3 {A33: Englische Eröffnung (Symmetrische Variante)} (7. Nc2 Bc5 8. e3 d5 9. cxd5 Nxd5 10. Nxd5 exd5 11. Bg2 O-O 12. O-O Rd8 13. a3 Be7 14. b4 Bf6 15. Rb1 {0-1 (25) Wei,Y (2729)-So,W (2780) chess.com INT 2018}) 7... d5 {LiveBook: 3 Partien} 8. Bg2 {[%cal Rc4d5]} d4 $146 ({Vorgänger:} 8... dxc4 9. Qa4 Bd7 10. Qxc4 Rc8 11. O-O Ne5 12. Qb3 Qxb3 13. axb3 Nc6 14. Be3 {1-0 (53) Quinn,C-Delaney,J Dublin 1979}) 9. Na4 $1 {[%cal Ra4b6] Die Stellung ist ausgeglichen.} Qa5+ 10. Bd2 Qd8 ({Günstiger ist} 10... Bb4 $11) 11. O-O $14 {[%cal Bh1f1,Bf1e1,Be1e7][%mdl 32]} e5 12. b4 {Schwarz muss nun b5 beachten.} e4 13. Ng5 $36 {[%mdl 2048] Weiss hat Druck.} Bf5 14. Qb1 $1 d3 (14... Be7 $1 $14) 15. exd3 $16 exd3 {[#]} (15... Be7 $16) 16. Re1+ $1 $18 Be7 {[#]} 17. Nc5 $1 {[%cal Rc5b7]} O-O 18. Nxb7 Qd7 19. Bxc6 $1 Qxc6 20. Rxe7 h6 21. b5 Qxc4 22. Re5 ({Viel schwächer ist} 22. Nd6 $6 Qd5 $16) 22... Bg6 23. Nf3 Ng4 {und wenn ...Dc7 ginge, stände Schwarz gut.} 24. Na5 Nxe5 25. Nxc4 Nxf3+ 26. Kg2 Be4 27. Kh3 Rfd8 28. Qb4 {Weiß steht klar auf Gewinn.} Rac8 {beabsichtigt ...Td4.} 29. Be3 Bd5 30. Nd2 Nxd2 31. Qxd2 Rc2 32. Qa5 Rd7 33. g4 Be6 34. Kg3 Rc4 35. h3 Rc2 36. a4 {Precision: Weiß = 83%, Schwarz = 27%.} 1-0

[Event "Tata Steel India 2018-Rapid"]
[Site "Kolkata"]
[Date "2018.11.11"]
[Round "9"]
[White "Karjakin, Sergey"]
[Black "Nakamura, Hikaru"]
[Result "1/2-1/2"]
[WhiteElo "2753"]
[BlackElo "2746"]
[Annotator "TA"]
[PlyCount "34"]
[EventDate "2018.11.09"]
[EventType "tourn"]
[EventCountry "IND"]
[SourceTitle "playchess.com"]
[Source "ChessBase"]
[SourceQuality "1"]

{[%evp 20,34,15,-4,15,16,24,18,10,9,15,0,0,0,14,14,18]} 1. e4 e5 2. Nf3 Nc6 3. Bb5 Nf6 4. O-O Nxe4 5. Re1 Nd6 6. Nxe5 Be7 7. Bf1 Nxe5 8. Rxe5 O-O 9. d4 Bf6 {C67: Ruy Lopez: Berlin Defence: 4 0-0 Nxe4} 10. Re2 b6 11. Re1 {LiveBook: 8 Games} Bb7 12. c3 $146 ({Predecessor:} 12. Bf4 Ne4 13. Be3 Re8 14. Nd2 d6 15. Bd3 Qd7 16. Nf1 c5 17. c3 cxd4 18. Bxd4 Bxd4 19. cxd4 {½-½ (51) Fedoseev,V (2724)-Karjakin,S (2763) Moscow 2018}) 12... Bg5 13. Na3 Bxc1 {The position is equal.} 14. Qxc1 Qh4 15. Nb5 Nxb5 16. Bxb5 Qg4 {[%csl Gb7][%cal Rg4g2] [#]} 17. Bf1 Rfe8 1/2-1/2

[Event "Tata Steel India 2018-Rapid"]
[Site "Kolkata"]
[Date "2018.11.11"]
[Round "9"]
[White "Vidit, Santosh Gujrathi"]
[Black "Harikrishna, Pentala"]
[Result "0-1"]
[WhiteElo "2702"]
[BlackElo "2729"]
[Annotator "TA"]
[PlyCount "74"]
[EventDate "2018.11.09"]
[EventType "tourn"]
[EventCountry "IND"]
[SourceTitle "playchess.com"]
[Source "ChessBase"]
[SourceQuality "1"]

{[%evp 23,74,4,6,-14,-13,-11,0,-93,-95,-89,-79,-91,-95,-94,-93,-100,-85,-85,-83,-108,-108,-109,-115,-114,-51,-116,-120,-117,-127,-133,-125,-149,-142,-275,-290,-290,-290,-290,-283,-283,-283,-271,-276,-269,-271,-370,-371,-344,-341,-355,-329,-315,-301]} 1. d4 Nf6 2. c4 e6 3. Nf3 d5 4. g3 Be7 5. Bg2 O-O 6. O-O dxc4 7. Qc2 a6 8. a4 Bd7 9. Qxc4 Bc6 10. Bg5 Nbd7 11. Nc3 h6 12. Bf4 {E05: Open Catalan: 5 Nf3 Be7} Bd6 {LiveBook: 4 Games} 13. Ne5 Bxg2 14. Kxg2 {[#] The position is equal.} Nh5 $146 ({Predecessor:} 14... Nb6 15. Qb3 a5 16. Rfd1 Nfd5 17. Nxd5 exd5 18. Nd3 Bxf4 19. Nxf4 c6 {½-½ (48) Vachier Lagrave,M (2804)-Dominguez Perez,L (2739) Doha 2016}) 15. Rad1 (15. Rfd1 $11) 15... Nxf4+ $17 16. gxf4 Qh4 $1 17. Ne4 Nf6 ({Don't play} 17... Qxf4 $6 18. Nxd6 Qg5+ 19. Kh1 $14) 18. Ng3 Qxf4 19. e3 Qh4 20. Nf3 Qg4 21. h3 Qg6 22. Ne5 Bxe5 23. dxe5 {[#]} Nh5 (23... Nd5 $1 $17 24. Qe4 f5 25. exf6 Qxf6) 24. Rd7 {[#]} (24. Qe4 $15) 24... Nxg3 $1 25. fxg3 {[#]} b5 $1 {[%mdl 512]} 26. axb5 axb5 27. Qc6 Ra4 28. Rf4 (28. Rd4 $17) 28... Qb1 $19 {White must now prevent ...Ra1.} 29. Qxb5 Ra1 {Threatens to win with ...Qh1+.} 30. Rf1 Qe4+ 31. Kh2 c6 {[%cal Bc7c6,Bc6c5][%mdl 32]} 32. Qe2 Rxf1 33. Qxf1 Qxe3 34. Qf4 Qe2+ 35. Kg1 Qxb2 36. h4 c5 37. Rd2 Qb4 {Precision: White = 53%, Black = 90%.} 0-1